[Event "British Columbia op"]
[Site "Richmond"]
[Date "2013.02.10"]
[Round "2"]
[White "North, Robert"]
[Black "Sanetullaev, Alisher"]
[Result "1-0"]
[WhiteElo "1910"]
[BlackElo "2169"]
[PlyCount "65"]
[EventDate "2013.02.09"]
[EventType "swiss"]
[EventRounds "5"]
[EventCountry "CAN"]
[SourceTitle "EXT 2014"]
[Source "ChessBase"]
[SourceDate "2013.11.20"]
[SourceVersion "1"]
[SourceVersionDate "2013.11.20"]
[SourceQuality "1"]

1. d4 Nf6 2. c4 g6 3. g3 Bg7 4. Bg2 d6 5. Nf3 0-0 6. 0-0 Nbd7 7. Nc3 e5 8. e4 c6 9. h3 Qb6 10. d5 cxd5 11. cxd5 Nh5 12. Kh2 f5 13. Nd2 f4 14. Qe2 Rf7 15. g4 f3 16. Nxf3 Nf4 17. Bxf4 Rxf4 18. Qe3 Nc5 19. Nd2 Bh6 20. Nc4 Qd8 21. f3 Rxe4 22. Qxh6 Rxc4 23. f4 Nd3 24. fxe5 Nxe5 25. Ne4 Rxe4 26. Bxe4 Bxg4 27. Rf4 Be2 28. Rg1 Qe7 29. Rg2 Bd3 30. Bxd3 Nxd3 31. Rxg6+ hxg6 32. Qxg6+ Qg7 33. Qe6+ 1-0

[Event "Michigan op-ch"]
[Site "Lansing"]
[Date "2010.09.05"]
[Round "4"]
[White "Sanetullaev, Alisher"]
[Black "Skidmore, Mike"]
[Result "1-0"]
[WhiteElo "2189"]
[BlackElo "1832"]
[PlyCount "38"]
[EventDate "2010.09.03"]
[EventType "swiss"]
[EventRounds "7"]
[EventCountry "USA"]
[SourceTitle "EXT 2015"]
[Source "ChessBase"]
[SourceDate "2014.11.20"]
[SourceVersion "1"]
[SourceVersionDate "2014.11.20"]
[SourceQuality "1"]

1. e4 c6 2. d4 d5 3. exd5 cxd5 4. c4 dxc4 5. Bxc4 Qc7 6. Qe2 e6 7. Nc3 Bb4 8. Nf3 Bxc3+ 9. bxc3 Nf6 10. Ba3 Bd7 11. 0-0 Bc6 12. Ng5 Bd5 13. Bxd5 Nxd5 14. Nxe6 fxe6 15. Qxe6+ Ne7 16. Rfe1 Nbc6 17. d5 Nd8 18. Qxe7+ Qxe7 19. Rxe7+ Kf8 1-0